000 00855nam a22002297a 4500
003 BUBTL
008 211004b ||||| |||| 00| 0 eng d
020 _a039396292X
082 _a823.8 / D554o 1993
100 _94207
_a Dickens, Charles
245 _aOliver Twist :
_b authoritative text, backgrounds and sources, early reviews, criticism /
_cCharles Dickens, Fred Kaplan
250 _a1st ed.
260 _aNew York :
_b W.W. Norton & Co.,
_cc1993.
300 _axii, 611 pages :
_c22 cm.
440 _94237
_aA Norton Critical Edition.
505 _aDickens, Charles, Oliver Twist, authoritative text, backgrounds and sources, early reviews, criticism, Fred, Kaplan ,Fred Kaplan
650 0 _91994
_aEnglish Literature
700 _94241
_a Kaplan, Fred
856 _k0
_l0
_yDownload
942 _2ddc
_cBK
999 _c6551
_d6551